000 00510nam a2200217Ia 4500
008 210210b1927 xxu||||| |||| 00| 0 eng d
041 _aeng
082 _a884/16
100 _aROY (Pi Si) Ed
245 _aMahAbhArata VII: saupTika, stree and santi parvas
260 _aCalcutta
_b-
_c1927
650 _aVII:
650 _astree
650 _asaupTika,
650 _asanti
650 _aparvas
650 _aMahAbhArata
650 _aand
690 _aSanskrit Purana & Smrithi
906 _a024424
999 _c149914
_d149914